000 00958nam a2200289 i 4500
001 bg
100 1 _aREID, Jo-Anne
245 1 0 _aUczenie się w małych grupach w klasie /
_cJo-Anne Reid, Peter Forrestal, Jonathan Cook ; tł. [z ang.] Ewa Troczyńska i Józef Troczyński.
246 _iTyt. oryg.:
_aSmall group learning in the classroom
260 _aWarszawa :
_bWydawnictwa Szkolne i Pedagogiczne,
_c1996.
300 _a80 s. :
_brys. ;
_c24 cm.
490 1 _aLiteratura Pedagogiczna
500 _aOryg. : "Small group learning in the classroom" 1989.
504 _aBibliogr. s. 79-80.
650 9 _aNauczanie
_xmetody
650 9 _aUczenie się
_xmetody
700 1 _aFORRESTAL, Peter
700 1 _aCOOK, Jonathan
830 _aLiteratura Pedagogiczna
020 _a8302062022
040 _cBPK
041 1 _apl
_hen
080 _a37.041:371.3
920 _a83-02-06202-2
942 _cKS
008 s pl f |000 0 pol
999 _c33576
_d33576
856 _uhttp://koha.tu.koszalin.pl/cgi-bin/koha/opac-detail.pl?biblionumber=33576
_yKatalog online BPK